| 000 | 00742nam a22001577a 4500 | ||
|---|---|---|---|
| 003 | OSt | ||
| 005 | 20150920144126.0 | ||
| 008 | 150920b xxu||||| |||| 00| 0 eng d | ||
| 040 | _cRUA | ||
| 082 | _aAGR SRE 2006 BO33 Or.1 | ||
| 100 |
_9942 _aSREAN, PAO |
||
| 245 | _aEFFECT OF FERTILIZER USE ON SYSTEM OF RICE INTENSIFICATION IN CROP STATION OF ROYAL UNIVERSITY OF AGRICULTURE,(ប្រសិទ្ធភាពលើប្រព័ន្ធប្រពលវប្បកម្មស្រូវនៅស្ថានីយ៍ពិសោធន៍ដំណាំនៃសាកលវិទ្យាល័យភូមិន្ធកសិកម្ម). | ||
| 260 |
_aPHNOM PHEN _bRUA _c2006 |
||
| 300 |
_aXIV, 46P. _bILL. _c29CM. |
||
| 942 |
_2ddc _cAGR |
||
| 999 |
_c907 _d907 |
||